Άπαντα : Κ. Μαρξ - Φ. Ένγκελς
Αποθηκεύτηκε σε:
| Άλλοι συγγραφείς: | , |
|---|---|
| Μορφή: | Βιβλίο |
| Γλώσσα: | Greek German English French Russian |
| Δημοσίευση: |
Αθήνα :
Μορφή - Φλόγα,
1956
|
| Θέματα: | |
| Ετικέτες: |
Προσθήκη ετικέτας
Δεν υπάρχουν, Καταχωρήστε ετικέτα πρώτοι!
|
MARC
| LEADER | 00000cam a2200000 i 4500 | ||
|---|---|---|---|
| 001 | 1/28559 | ||
| 008 | 060502s1956 gre d | ||
| 035 | |l 10083683 | ||
| 040 | |a GR-MY-UA |b gre |e aacr | ||
| 041 | 1 | |a gre |h ger |h eng |h fre |h rus | |
| 082 | 0 | |a 943.074 |2 (22) | |
| 245 | 1 | 0 | |a Άπαντα : |b Κ. Μαρξ - Φ. Ένγκελς / |c μετάφραση: Γιάννη Ν. Βιστάκη ; θεώρηση: Φώτη Φωτίου |
| 260 | |a Αθήνα : |b Μορφή - Φλόγα, |c 1956 | ||
| 300 | |a 222 σ.; |c 21 εκ. | ||
| 500 | |a Με: Τα βασικά προβλήματα του Μαρξισμού / Γ. Β. Πλεχάνωφ. - Ο κομμουνισμός / Μητροπολίτου Χίου Παντελεήμονος | ||
| 600 | 1 | 0 | |a Marx, Karl, |d 1818-1883 |x Biography. |
| 600 | 1 | 0 | |a Engels, Friedrich, |d 1820-1895. |
| 650 | 0 | 0 | |a Communism |z Germany |x History. |
| 651 | 0 | |a Germany |x History |x Revolution |y 1848-1849. | |
| 651 | 0 | |a Austria |x History |x Revolution |y 1848-1849. | |
| 700 | 1 | |a Βιστάκης, Γιάννης Ν. |4 trl | |
| 700 | 1 | |a Φωτίου, Φώτης. |4 edt | |
| 852 | |a INST |b RHODES |c KRI |e 20060502 |h 943.07 ΑΠΑ |p 005400030808 |q 005400030808 |t BK |v τ.1: |y 0 |z τ.1 | ||
| 853 | |a INST |b RHODES |c KRI |h 943.07 ΑΠΑ | ||
| 901 | |a BIBL4-2006-1 | ||
| 909 | |a Ρ |b 122895 | ||
| 970 | |a ΚΟΖΑ |b ΜΑΡΙΑ |z 2006/05/02 | ||